000 00350nam a2200157Ia 4500
100 _aSamson/Danny
942 _cBK
366 _f25
654 _aoperations management
245 _aOperations Management
260 _bCambride University press
_c1992
082 _a658.4035
_bSAM
300 _a482
546 _aENGLISH
_cInfo.Tech
999 _c32015
_d32015